Sports Quiz

Random Sports Quiz

Slam Dunk Champions Quiz Stats

 Plays Quiz not verified by Sporcle

Challenge
Share
Tweet
Embed
Score 0/26 Timer 07:00
0 Plays Today
year Players % Correct
1987Michael Jordan
97.3%
1988Michael Jordan
97.3%
2008Dwight Howard
89.2%
2011Blake Griffin
87.4%
2000Vince Carter
86.5%
2006Nate Robinson
85.6%
2009Nate Robinson
85.6%
2010Nate Robinson
85.6%
1985Dominique Wilkins
82%
1990Dominique Wilkins
82%
1986Spud Webb
73%
1997Kobe Bryant
64%
2002Jason Richardson
57.7%
year Players % Correct
2003Jason Richardson
57.7%
1984Larry Nance
53.2%
1996Brent Barry
51.4%
2005Josh Smith
47.7%
2007Gerald Green
45%
1994Isaiah Rider
36.9%
1991Dee Brown
36%
2004Fred Jones
36%
1992Cedric Ceballos
31.5%
1993Harold Miner
31.5%
1995Harold Miner
31.5%
1989Kenny Walker
27.9%
2001Desmond Mason
20.7%

You're not logged in!

Compare scores with friends on all Sporcle quizzes.
Join for Free
OR
Log In

You Might Also Like...

Show Comments

Extras

Created Feb 20, 2011ReportNominate
Tags:champion, dunk, player, slam, Slam Dunk

Top Quizzes Today


Score Distribution

Your Account Isn't Verified!

In order to create a playlist on Sporcle, you need to verify the email address you used during registration. Go to your Sporcle Settings to finish the process.

Report this User

Report this user for behavior that violates our Community Guidelines.

Details: